000
00186nam a2200085Ia 4500
008
170620s9999 xx 000 0 und d
100
_a
Bare act
245
0
_a
Family court
260
_b
Alia Law Agency
260
_c
1984
999
_c
28553
_d
28553